| 000 | 00464 a2200157 4500 | ||
|---|---|---|---|
| 999 |
_c1353 _d1353 |
||
| 020 | _a9781133594147 | ||
| 050 | _aH 62 BAB 2014 | ||
| 100 |
_aBabbie Earl _eAuthor |
||
| 245 |
_aThe Basics of Social Research/ _cEarl Babbie |
||
| 250 | _a6th ed. | ||
| 264 |
_aAustralia: _bWadsworth Cengage Learning, _c2014 |
||
| 300 |
_a542p. _bill.(col.) |
||
| 500 | _aIncludes Index | ||
| 650 |
_aSocial Sciences-Research _xResearch Methodology |
||
| 942 |
_2lcc _cBK _e6th _h62 _iBAB _kH |
||